Towards better practices in distance education
Պահպանված է:
| Հիմնական հեղինակ: | |
|---|---|
| Ձևաչափ: | Գիրք |
| Լեզու: | անգլերեն |
| Հրապարակվել է: |
Kamishka Publishers
2001
|
| Ցուցիչներ: |
Ավելացրեք ցուցիչ
Չկան պիտակներ, Եղեք առաջինը, ով նշում է այս գրառումը!
|
MARC
| LEADER | 00000nam a22000007a 4500 | ||
|---|---|---|---|
| 008 | 211115b ||||| |||| 00| 0 eng d | ||
| 020 | |a 8173914451 | ||
| 100 | |a REDDY, M. V. Lakshmi | ||
| 245 | |a Towards better practices in distance education |c M. V. Lakshmi Reddy |g xii,140p.:ill. | ||
| 260 | |b Kamishka Publishers |c 2001 |h New Delhi |i 645765 |i 645766 |l LC5808.I4R25 |m Distance education--India |m Open learning | ||
| 500 | |a It includes index and references | ||
| 942 | |a lcc |c BK |e Kuteyi M. A. |f 15/11/2021 | ||
| 952 | |0 0 |1 0 |2 lcc |4 0 |6 LC0508 I4 R25 |7 0 |9 3870 |a HOL |b HOL |c LP |d 2021-11-15 |l 0 |o LC508.I4R25 |p 2021-67595 |r 2021-11-15 00:00:00 |w 2021-11-15 |y BK | ||
| 952 | |0 0 |1 0 |2 lcc |4 0 |6 LC0508 I4 R25 |7 0 |9 3871 |a HOL |b ED |c LP |d 2021-11-15 |l 0 |o LC508.I4R25 |p 2021-67596 |r 2021-11-15 00:00:00 |w 2021-11-15 |y BK | ||
| 999 | |c 1927 |d 1927 | ||